Analýza sobášnosti a rozvodovosti na Slovensku a v krajinách Európskej únie diplomová práca

Saved in:
Bibliographic Details
Main Author: Chmelová, Sára
Corporate Author: Fakulta hospodárskej informatiky EU. Katedra štatistiky
Other Authors: Hurbánková, Ľubica, 1980-
Format: Book
Language:Slovak
Published: Bratislava 2019
Tags: Add Tag
No Tags, Be the first to tag this record!

MARC

LEADER 00000nbm a2200000 4500
001 0254162
005 20191205140054.7
041 0 |a slo 
044 |a SK 
245 1 0 |a Analýza sobášnosti a rozvodovosti na Slovensku a v krajinách Európskej únie  |b diplomová práca  |c Sára Chmelová ; školiteľ: Ľubica Hurbánková 
264 1 |a Bratislava  |c 2019 
300 |a 73 s. 
100 1 |a Chmelová, Sára 
700 1 |a Hurbánková, Ľubica, 1980- 
710 2 |a Fakulta hospodárskej informatiky EU. Katedra štatistiky